[Event "ECC"]
[Site "Halkidiki GRE"]
[Date "2002.09.27"]
[Round "6"]
[White "Steflitsch,E"]
[Black "Lerner,K"]
[Result "0-1"]
[WhiteElo "2399"]
[BlackElo "2536"]
[EventDate "2002.09.22"]

1. e4 c5 2. Nf3 d6 3. d4 cxd4 4. Nxd4 Nf6 5. Nc3 Nc6 6. Bg5 e6 7. Qd2 a6 8.
O-O-O h6 9. Be3 Be7 10. f4 Bd7 11. Be2 b5 12. Bf3 Rc8 13. Nb3 Na5 14. Nxa5
Qxa5 15. Kb1 b4 16. Ne2 Bc6 17. Ng3 O-O 18. Rhe1 d5 19. e5 Ne4 20. Bxe4
dxe4 21. Qe2 Bd5 22. b3 Rc6 23. Rd2 Rfc8 24. Rc1 Qc7 25. f5 Bg5 26. Bxg5
hxg5 27. fxe6 fxe6 28. Nxe4 Qxe5 29. Re1 a5 30. Qe3 Qf5 31. g4 Qg6 32. Qxg5
Bxe4 33. Rd8+ Kh7 34. Qh4+ Qh6 35. Qxh6+ Kxh6 0-1

[Event "ECC"]
[Site "Halkidiki GRE"]
[Date "2002.09.27"]
[Round "6"]
[White "Rabinovich,Al"]
[Black "Pilaj,H"]
[Result "1-0"]
[WhiteElo "2435"]
[BlackElo "2312"]
[EventDate "2002.09.22"]

1. d4 d5 2. c4 c6 3. Nf3 Nf6 4. Nc3 dxc4 5. a4 e6 6. Bg5 Bb4 7. e3 b5 8.
Nd2 Qb6 9. Bxf6 gxf6 10. Qf3 Bb7 11. Qxf6 Rf8 12. Be2 Nd7 13. Qh4 a6 14.
Bf3 Be7 15. Qxh7 O-O-O 16. Qc2 Kb8 17. b3 c5 18. axb5 cxb3 19. Qxb3 cxd4
20. Nc4 Nc5 21. Qb1 Nd3+ 22. Qxd3 dxc3 23. Qxc3 Qc5 24. Bxb7 axb5 25. Bf3
Qxc4 26. Ra8+ Kc7 27. Ra7+ Kd6 28. Ra6+ Kd7 29. Ra7+ Kd6 30. Qd2+ Ke5 31.
Qb2+ Kf5 32. Rxe7 1-0

[Event "ECC"]
[Site "Halkidiki GRE"]
[Date "2002.09.27"]
[Round "6"]
[White "Atakisi,U"]
[Black "Luther,T"]
[Result "0-1"]
[WhiteElo "2361"]
[BlackElo "2551"]
[EventDate "2002.09.22"]

1. e4 Nf6 2. e5 Nd5 3. d4 d6 4. Nf3 dxe5 5. Nxe5 c6 6. Bc4 Nd7 7. Nxd7 Bxd7
8. Qf3 e6 9. O-O Bd6 10. Bxd5 cxd5 11. Bf4 Be7 12. Nd2 O-O 13. c4 dxc4 14.
Qxb7 Qc8 15. Qxc8 Raxc8 16. Ne4 Rfd8 17. Be3 Bc6 18. Nc5 Bf6 19. Rad1 e5
20. dxe5 Bxe5 21. b4 cxb3 22. Nxb3 a6 23. Rc1 Bb5 24. Rxc8 Rxc8 25. Rc1
Rxc1+ 26. Bxc1 Kf8 27. f4 Bc7 28. Kf2 Ke7 29. Nd4 Bc4 30. a3 g6 31. g3 Kd6
32. f5 Kd5 33. fxg6 fxg6 34. Be3 Bd6 35. Nc2 Ke4 36. Nb4 a5 37. Nc6 Bd5 38.
Nxa5 Kd3 39. Bb6 Bxa3 40. g4 Bd6 41. h4 Ke4 42. Be3 Be7 43. h5 g5 44. h6
Bd8 45. Bd2 Kd3 46. Bb4 Bb6+ 47. Ke1 Ke3 48. Kd1 Kf3 49. Kc2 Kxg4 50. Nb3
Bxb3+ 51. Kxb3 Kf3 52. Kc4 g4 53. Kd5 g3 54. Bd6 g2 55. Bh2 Kg4 0-1

[Event "ECC"]
[Site "Halkidiki GRE"]
[Date "2002.09.27"]
[Round "6"]
[White "Stanec,N"]
[Black "Yeke,S"]
[Result "1-0"]
[WhiteElo "2523"]
[BlackElo "2258"]
[EventDate "2002.09.22"]

1. c4 Nf6 2. Nc3 g6 3. g3 Bg7 4. Bg2 O-O 5. Nf3 d6 6. O-O Nc6 7. Rb1 e5 8.
b4 a6 9. d3 h6 10. a4 Be6 11. b5 axb5 12. axb5 Ne7 13. Bb2 Rc8 14. Ra1 Qd7
15. Re1 Bh3 16. Bh1 Nh5 17. d4 Qe6 18. dxe5 dxe5 19. Nd5 Rfd8 20. e4 c6 21.
bxc6 bxc6 22. Nxe7+ Qxe7 23. Qc2 Qe6 24. Ra5 f6 25. Nh4 Qf7 26. Bf3 Be6 27.
Rea1 Rd7 28. Ra8 Rxa8 29. Rxa8+ Kh7 30. c5 Bb3 31. Qc3 Bd1 32. Kg2 Bxf3+
33. Qxf3 Rb7 34. Bc1 Rb1 35. Qc3 Qb7 36. Rd8 Qb5 37. Qc2 Rb4 38. Be3 Rb1
39. Qa2 Rb3 40. Nf3 g5 41. Nd2 Rxe3 42. Qg8+ Kg6 43. Qe8+ Kh7 44. Qe6 Kg6
45. Rd7 Kh7 46. Qf5+ Kg8 47. fxe3 1-0

[Event "ECC"]
[Site "Halkidiki GRE"]
[Date "2002.09.27"]
[Round "6"]
[White "Erdogan,H"]
[Black "Kindermann,S"]
[Result "0-1"]
[WhiteElo "2218"]
[BlackElo "2519"]
[EventDate "2002.09.22"]

1. d4 f5 2. c4 Nf6 3. g3 g6 4. Bg2 Bg7 5. Nc3 d6 6. Nh3 O-O 7. O-O Na6 8.
Nf4 e5 9. dxe5 dxe5 10. Qxd8 Rxd8 11. Nfd5 c6 12. Ne7+ Kf7 13. Nxc8 Raxc8
14. Be3 b6 15. Rad1 e4 16. f3 exf3 17. Bxf3 Nb8 18. a4 Nbd7 19. Bf4 Re8 20.
Rd6 Ne5 21. Bxe5 Rxe5 22. Rxc6 Rxc6 23. Bxc6 Bf8 24. Bf3 Bc5+ 25. Kg2 Ke7
26. h3 h5 27. Rd1 a5 28. Nb5 g5 29. Na7 Kf7 30. Nc6 Re8 31. Kf1 g4 32. hxg4
hxg4 33. Bg2 Nh5 34. Rd3 Be3 35. Bd5+ Kf6 36. b4 Nxg3+ 37. Ke1 f4 38. bxa5
bxa5 39. Bg2 Bc5 40. e4 Nxe4 0-1

[Event "ECC"]
[Site "Halkidiki GRE"]
[Date "2002.09.27"]
[Round "6"]
[White "Guner,B"]
[Black "Watzka,H"]
[Result "1/2-1/2"]
[WhiteElo "2142"]
[BlackElo "2351"]
[EventDate "2002.09.22"]

1. Nf3 g6 2. d4 Bg7 3. c4 Nf6 4. g3 O-O 5. Bg2 d6 6. O-O c6 7. Nc3 a6 8. e4
Bg4 9. h3 Bxf3 10. Qxf3 Nfd7 11. Qd3 b5 12. a4 bxc4 13. Qxc4 a5 14. Be3 Qb6
15. Rfc1 Na6 16. Na2 Rfc8 17. Rab1 Rab8 18. Bf1 Nb4 19. Nxb4 Qxb4 20. b3 c5
21. Qxb4 cxb4 22. Ba6 Rc3 23. Bc4 Nf6 24. Rxc3 bxc3 25. f3 e6 26. Kf2 d5
27. exd5 exd5 28. Bb5 Rc8 29. Rc1 Bf8 30. Ke2 Bb4 31. Kd3 Ne8 32. Bd7 Rd8
33. Bc6 Nc7 34. Bf2 Rd6 35. Bb7 Rf6 36. f4 g5 37. Be3 Rb6 38. Bc8 gxf4 39.
Bxf4 Ne6 40. Be3 Kg7 41. g4 h6 42. h4 Rb8 43. Bd7 Rd8 44. Bc6 Rd6 45. Bb7
Rd7 46. Ba6 Rd6 1/2-1/2

[Event "ECC"]
[Site "Halkidiki GRE"]
[Date "2002.09.27"]
[Round "6"]
[White "Detter,P"]
[Black "Bolcan,E"]
[Result "0-1"]
[WhiteElo "2170"]
[BlackElo "2033"]
[EventDate "2002.09.22"]

1. Nf3 d6 2. c4 e5 3. d4 Nd7 4. Nc3 g6 5. e4 Bg7 6. Be3 Ngf6 7. h3 O-O 8.
d5 a5 9. Bd3 Nc5 10. Bc2 b6 11. O-O Ne8 12. Qd2 f5 13. Bh6 f4 14. Bxg7 Nxg7
15. Nh2 Nh5 16. Bd1 Qh4 17. Bxh5 gxh5 18. Nf3 Qe7 19. Kh2 Kh8 20. Rg1 Bg4
21. Qc2 Rf7 22. Raf1 Rg8 23. Nb1 Bxf3 24. gxf3 Rfg7 25. Qd1 Qh4 26. Rxg7
Rxg7 27. Nc3 Nd3 0-1

[Event "ECC"]
[Site "Halkidiki GRE"]
[Date "2002.09.27"]
[Round "6"]
[White "Kiik,K"]
[Black "Winants,L"]
[Result "1/2-1/2"]
[WhiteElo "2450"]
[BlackElo "2504"]
[EventDate "2002.09.22"]

1. d4 Nf6 2. Nf3 e6 3. c4 b6 4. g3 Ba6 5. b3 d5 6. cxd5 exd5 7. Bg2 Bb4+ 8.
Bd2 Bd6 9. O-O Nbd7 10. Nc3 O-O 11. Re1 Re8 12. Nh4 c6 13. e4 dxe4 14. Nxe4
Nxe4 15. Bxe4 Rc8 16. Qf3 c5 17. Nf5 Nf6 18. Bg5 cxd4 19. Bc6 Re5 20. Rxe5
Bxe5 21. Re1 Qc7 22. b4 Rd8 23. Nh6+ Kf8 24. Ng4 d3 25. Nxe5 d2 26. Bxd2
Rxd2 27. Ng4 Re2 28. Rxe2 Bxe2 29. Qxe2 1/2-1/2

[Event "ECC"]
[Site "Halkidiki GRE"]
[Date "2002.09.27"]
[Round "6"]
[White "Lampen,T"]
[Black "Gulbas,C"]
[Result "1/2-1/2"]
[WhiteElo "2315"]
[BlackElo "2301"]
[EventDate "2002.09.22"]

1. e4 d6 2. d4 Nf6 3. Nc3 g6 4. Be3 c6 5. h3 Qa5 6. Bd3 Nbd7 7. f4 e5 8.
Nf3 Bg7 9. O-O exd4 10. Nxd4 O-O 11. Qe1 Re8 12. Qf2 Qc7 13. f5 Nc5 14. Qh4
Qe7 15. fxg6 fxg6 16. Bg5 Nxd3 17. cxd3 Rf8 18. Nf3 Be6 19. Rf2 Qd7 20.
Raf1 Nh5 21. Rc2 Rf7 22. Be3 Raf8 23. Kh2 h6 24. a3 Qe8 25. d4 Bc4 26. Re1
c5 27. dxc5 dxc5 28. Qg4 Kh7 29. Nd5 Bd3 30. Rd2 c4 31. Bc5 Rf4 32. Bxf8
Rxg4 33. hxg4 Be5+ 34. Kg1 Bg3 35. gxh5 Qxf8 36. Re3 g5 37. Nxg5+ hxg5 38.
Rxg3 Qf1+ 39. Kh2 Qe1 40. Rdxd3 cxd3 41. Rxd3 Kh6 42. Re3 Qh4+ 43. Kg1 g4
44. g3 Qd8 1/2-1/2

[Event "ECC"]
[Site "Halkidiki GRE"]
[Date "2002.09.27"]
[Round "6"]
[White "Hautot,S"]
[Black "Lahtinen,M"]
[Result "1-0"]
[WhiteElo "2273"]
[BlackElo "2287"]
[EventDate "2002.09.22"]

1. e4 d5 2. exd5 Qxd5 3. Nc3 Qa5 4. d4 Nf6 5. Bc4 Bf5 6. Bd2 c6 7. Nf3 e6
8. Qe2 Bb4 9. O-O-O Nbd7 10. a3 Bxc3 11. Bxc3 Qc7 12. Ne5 Nxe5 13. dxe5 Nd5
14. Bd2 O-O-O 15. g4 Bg6 16. f4 h5 17. h3 hxg4 18. hxg4 Rxh1 19. Rxh1 Qb6
20. c3 Qa5 21. Rf1 Qa4 22. f5 exf5 23. gxf5 Bh5 24. Qe4 Nxc3 25. bxc3 Qxa3+
26. Kc2 Qa4+ 27. Kb1 Kb8 28. Bc1 b5 29. Bd3 Qb3+ 30. Bb2 g6 31. Bc2 Qd5 32.
Qxd5 Rxd5 33. fxg6 1-0

[Event "ECC"]
[Site "Halkidiki GRE"]
[Date "2002.09.27"]
[Round "6"]
[White "Nivala,T"]
[Black "Goossens,E"]
[Result "1/2-1/2"]
[WhiteElo "2218"]
[BlackElo "2189"]
[EventDate "2002.09.22"]

1. c4 g6 2. g3 Bg7 3. Bg2 d6 4. Nc3 Nf6 5. d3 O-O 6. Bg5 h6 7. Bd2 e5 8. e4
a6 9. Nge2 b5 10. a3 bxc4 11. dxc4 c6 12. O-O Be6 13. b3 Ne8 14. Be3 Qc7
15. Qd2 Kh7 16. Rfd1 Nd7 17. Rab1 f5 18. Na4 Ndf6 19. f3 fxe4 20. fxe4 c5
21. b4 cxb4 22. Rxb4 a5 23. Rbb1 Ng4 24. c5 Rd8 25. h3 Nxe3 26. Qxe3 Bf6
27. Rb6 Bd7 28. cxd6 Qa7 29. Nec3 Bxa4 30. Nxa4 Rxd6 31. Rdxd6 Nxd6 32. Qc5
1/2-1/2

[Event "ECC"]
[Site "Halkidiki GRE"]
[Date "2002.09.27"]
[Round "6"]
[White "Stryjecki,M"]
[Black "Cobb,C"]
[Result "1-0"]
[WhiteElo "2424"]
[BlackElo "2313"]
[EventDate "2002.09.22"]

1. g3 c5 2. Bg2 g6 3. c4 Bg7 4. Nc3 Nc6 5. Nf3 Nf6 6. O-O O-O 7. d4 cxd4 8.
Nxd4 d6 9. Nxc6 bxc6 10. Bxc6 Rb8 11. Bg2 Qa5 12. Qc2 Bb7 13. Bxb7 Rxb7 14.
Bd2 Rc8 15. Rac1 Rxc4 16. Qd3 Rc8 17. Nd5 Qd8 18. Qa6 Rcb8 19. Ba5 Qd7 20.
Nxf6+ Bxf6 21. b4 Bb2 22. Rb1 Ba3 23. Rb3 Qa4 24. Rfb1 Rb5 25. Qxa7 Bxb4
26. Bb6 Qxa7 27. Bxa7 Ra8 28. Be3 Rxa2 29. Rxb4 Rxb4 30. Rxb4 Rxe2 31. Rb7
Kf8 32. Bh6+ Ke8 33. Rb8+ Kd7 34. Rh8 f6 35. h4 d5 36. Kf1 Re5 37. Rxh7 1-0

[Event "ECC"]
[Site "Halkidiki GRE"]
[Date "2002.09.27"]
[Round "6"]
[White "Trevelyan,J"]
[Black "Vanderstricht,G"]
[Result "0-1"]
[WhiteElo "2207"]
[BlackElo "2404"]
[EventDate "2002.09.22"]

1. d4 Nf6 2. c4 e6 3. Nc3 Bb4 4. e3 O-O 5. Bd3 d5 6. Nf3 c5 7. O-O Nc6 8.
a3 Bxc3 9. bxc3 Qc7 10. Qe2 dxc4 11. Bxc4 e5 12. d5 e4 13. Nd2 Ne5 14. f3
exf3 15. gxf3 Bh3 16. Rf2 a6 17. Ba2 c4 18. Nxc4 Nxd5 19. Bb2 Ng6 20. e4
Ndf4 21. Qe3 Rad8 22. Rd2 b5 23. Rxd8 Qxd8 0-1

[Event "ECC"]
[Site "Halkidiki GRE"]
[Date "2002.09.27"]
[Round "6"]
[White "Borg,A"]
[Black "Roofdhooft,M"]
[Result "1/2-1/2"]
[WhiteElo "2124"]
[BlackElo "2260"]
[EventDate "2002.09.22"]

1. d4 e6 2. c4 Nf6 3. Nf3 d5 4. Nc3 c6 5. Bg5 h6 6. Bxf6 Qxf6 7. Qc2 Qd8 8.
e4 dxe4 9. Qxe4 Be7 10. Bd3 Nd7 11. O-O Nf6 12. Qe2 O-O 13. Rad1 Qc7 14.
Ne5 c5 15. d5 a6 16. Rfe1 exd5 17. Nxd5 Nxd5 18. cxd5 Bd6 1/2-1/2

[Event "ECC"]
[Site "Halkidiki GRE"]
[Date "2002.09.27"]
[Round "6"]
[White "Habibi,Al"]
[Black "Stohl,I"]
[Result "0-1"]
[WhiteElo "2279"]
[BlackElo "2556"]
[EventDate "2002.09.22"]

1. Nf3 g6 2. d4 Nf6 3. b3 Bg7 4. Bb2 O-O 5. e3 c5 6. Be2 cxd4 7. exd4 d5 8.
O-O Nc6 9. h3 Ne4 10. a3 Qb6 11. b4 Rd8 12. c3 e5 13. b5 exd4 14. cxd4 Be6
15. Ra2 Na5 16. a4 Nc4 17. Ba1 Rac8 18. Qb3 a6 19. Na3 Bf8 20. Nxc4 dxc4
21. Qe3 Bd5 22. Rb1 Qa5 23. Bd1 Re8 24. bxa6 bxa6 25. Re2 Nd6 26. Qg5 h6
27. Qf6 Rxe2 28. Bxe2 Qxa4 29. Qe5 Qc6 30. Qf4 Bg7 31. Ne5 Qc7 32. Rc1 Qe7
33. Bg4 Rc7 34. Bf3 Qe6 35. h4 Nb5 36. Bg4 Qf6 37. Qg3 h5 38. Bf3 Bxf3 39.
Nxf3 c3 40. Kf1 Qe6 41. Qg5 Bf6 42. Qf4 Qc4+ 43. Kg1 Nxd4 44. Qxf6 Ne2+ 45.
Kh2 Nxc1 46. Ne5 Qd4 47. Qg5 Rc5 48. Qxc1 Qxe5+ 49. g3 Qd4 50. Kg2 a5 51.
Qe1 a4 0-1

[Event "ECC"]
[Site "Halkidiki GRE"]
[Date "2002.09.27"]
[Round "6"]
[White "Timoscenko,G"]
[Black "Hisler,T"]
[Result "1-0"]
[WhiteElo "2508"]
[BlackElo "2247"]
[EventDate "2002.09.22"]

1. Nf3 f5 2. g3 Nf6 3. Bg2 e6 4. O-O Be7 5. c4 O-O 6. d4 d6 7. Nc3 Nbd7 8.
Qc2 Rb8 9. b3 a6 10. e4 Nxe4 11. Nxe4 fxe4 12. Qxe4 Nf6 13. Qe2 Ne8 14. Bb2
b5 15. Rac1 Kh8 16. Rfe1 bxc4 17. Qxc4 Rb5 18. Nd2 Bg5 19. f4 Bxf4 20. gxf4
Qh4 21. d5 Rxf4 22. Rf1 Rxf1+ 23. Rxf1 Qe7 24. Qh4 1-0

[Event "ECC"]
[Site "Halkidiki GRE"]
[Date "2002.09.27"]
[Round "6"]
[White "Mossong,H"]
[Black "Bednar,Jar"]
[Result "0-1"]
[WhiteElo "2200"]
[BlackElo "2335"]
[EventDate "2002.09.22"]

1. e4 d5 2. exd5 Nf6 3. d4 Nxd5 4. c4 Nb6 5. Nc3 e5 6. Nf3 Bg4 7. Be2 Bxf3
8. Bxf3 exd4 9. Nb5 Bb4+ 10. Bd2 Bxd2+ 11. Qxd2 c6 12. Qb4 Na6 13. Nd6+ Kd7
14. Qa5 Kxd6 15. O-O-O Kc7 16. c5 Qg5+ 17. Kb1 Qxc5 18. Qd2 Qf5+ 0-1

[Event "ECC"]
[Site "Halkidiki GRE"]
[Date "2002.09.27"]
[Round "6"]
[White "Beaumont,C"]
[Black "Agrest,E"]
[Result "0-1"]
[WhiteElo "2318"]
[BlackElo "2599"]
[EventDate "2002.09.22"]

1. d4 e6 2. Nf3 c5 3. e3 Nf6 4. Bd3 Nc6 5. O-O d5 6. b3 Qc7 7. c4 b6 8. Bb2
Be7 9. Nbd2 Bb7 10. Rc1 dxc4 11. Nxc4 Rd8 12. Qe2 O-O 13. dxc5 bxc5 14. Bb1
Ba6 15. Ng5 g6 16. Qf3 e5 17. Qh3 Qd7 18. Qxd7 Nxd7 19. Nf3 f6 20. Rfd1 Kg7
21. Nfd2 Nb6 22. f4 exf4 23. exf4 Nd5 24. g3 Rfe8 25. Kf2 Nd4 26. Nf3 Nb4
27. Ne3 Nbc6 28. Ba3 Nxf3 29. Kxf3 Nd4+ 30. Kf2 Rc8 31. Bd3 Bb7 32. Bc4 Bf8
33. Bd5 Bxd5 34. Nxd5 Re2+ 35. Kf1 Rxh2 36. Nc3 Re8 37. Re1 Rxe1+ 38. Rxe1
Nc2 0-1

[Event "ECC"]
[Site "Halkidiki GRE"]
[Date "2002.09.27"]
[Round "6"]
[White "Carlsson,P"]
[Black "Burgess,G"]
[Result "1-0"]
[WhiteElo "2400"]
[BlackElo "2309"]
[EventDate "2002.09.22"]

1. e4 Nf6 2. e5 Nd5 3. d4 d6 4. c4 Nb6 5. exd6 exd6 6. Nc3 g6 7. h3 Bg7 8.
Nf3 O-O 9. Be2 Nc6 10. O-O Ne7 11. Bf4 h6 12. Rc1 Kh8 13. d5 Nd7 14. Nd4
Re8 15. Qd2 Kh7 16. Be3 Nf6 17. Bd3 c5 18. dxc6 bxc6 19. Be2 Ba6 20. Rfd1
d5 21. cxd5 Bxe2 22. Qxe2 cxd5 23. Ncb5 Rf8 24. Bf4 a6 25. Nc7 Ra7 26. Nxa6
Ne4 27. b4 Qb6 28. Nc5 Qxb4 29. Nxe4 Bxd4 30. Bd6 Qa4 31. Nc3 Bxc3 32. Rxc3
Qd7 33. Bb4 Rb8 34. a3 Nc6 35. Bc5 Ra4 36. Qc2 Rf4 37. Be3 Rf6 38. Rcd3 Rf5
39. Qd2 Rd8 40. Bxh6 Ne5 41. Rg3 Nc4 42. Qc1 Qa7 43. Be3 Qxa3 44. Qxa3 Nxa3
45. Bb6 Rb8 46. Ba7 Rb1 47. Rxb1 Nxb1 48. Rd3 d4 49. Rxd4 Nc3 50. Rh4+ Rh5
51. Rc4 Nb5 52. Be3 Rd5 53. h4 Kg7 54. Bc1 Nd6 55. Bb2+ Kh6 56. Ra4 g5 57.
Ra6 Kh5 58. hxg5 Kxg5 59. Bc1+ Kf5 60. Rc6 Ne4 61. f3 Nc5 62. Be3 Ne6 63.
Rc4 Rd6 64. Kf2 Rd5 65. Re4 Rd6 66. Rb4 Rc6 67. Rb5+ Kf6 68. f4 Rd6 69. g4
Nc7 70. Rf5+ Ke6 71. Re5+ Kd7 72. f5 Rd5 73. Re4 Ne8 74. Bg5 f6 75. Bf4 Ng7
76. Kf3 Nxf5 77. gxf5 Rxf5 78. Kg4 Rd5 79. Re3 Rc5 80. Bg3 Rg5+ 81. Kf3
Rf5+ 82. Kg4 Rg5+ 83. Kh3 Ra5 84. Bh4 Re5 85. Rf3 f5 86. Bg3 Rd5 87. Re3
Rd4 88. Re5 f4 89. Bf2 Rc4 90. Kg4 Kd6 91. Re2 Ra4 92. Kf3 Kd5 93. Bg1 Ra1
94. Bf2 Ra4 95. Re8 Rc4 96. Bh4 Rc3+ 97. Kxf4 Rc4+ 98. Kg5 Re4 99. Rd8+ Kc4
100. Bg3 Re2 101. Kf5 Re3 102. Be5 Rh3 103. Ke4 Rh4+ 104. Bf4 Kc5 105. Rc8+
Kb4 106. Ke5 Rh5+ 107. Kd4 Rh4 108. Rb8+ Ka4 109. Ke4 Ka5 110. Ke3 Rh3+
111. Kd2 Ka6 112. Be3 Rh2+ 113. Kd3 Rh3 114. Rb3 Ka5 115. Kc4 Ka6 116. Kc5
Rg3 117. Rb6+ Ka7 118. Bd4 Rg4 119. Rb3 Ka6 120. Be3 Rg3 121. Kc4 Rh3 122.
Rb6+ Ka7 123. Bd4 Ka8 124. Kd5 Rh5+ 125. Kc4 Rh3 126. Rb5 Rh1 127. Kd5 Rh5+
128. Be5 Rh1 129. Kc6 Rc1+ 130. Kb6 Rb1 131. Bb2 Rg1 132. Kc7 1-0

[Event "ECC"]
[Site "Halkidiki GRE"]
[Date "2002.09.27"]
[Round "6"]
[White "Collier,D"]
[Black "Couso,L"]
[Result "0-1"]
[WhiteElo "2274"]
[BlackElo "2345"]
[EventDate "2002.09.22"]

1. d4 e6 2. c4 Nf6 3. Nc3 Bb4 4. e3 b6 5. Nge2 Ba6 6. a3 Be7 7. Nf4 O-O 8.
d5 exd5 9. Nfxd5 Nxd5 10. Nxd5 Bd6 11. Bd3 Re8 12. Qh5 g6 13. Qf3 Be5 14.
Nxc7 Qxc7 15. Qxa8 Bb7 16. Qxa7 Na6 17. Be4 Bxe4 18. Qxa6 Bxh2 19. c5 Bxg2
20. cxb6 Qd6 21. Rxh2 Qxh2 22. Qe2 Qh1+ 23. Kd2 Rc8 24. Qd1 Qh4 25. Qg1 Bf3
26. Qf1 Qa4 27. b7 Qc2+ 0-1

[Event "ECC"]
[Site "Halkidiki GRE"]
[Date "2002.09.27"]
[Round "6"]
[White "Bergstrom,P"]
[Black "Buckley,D"]
[Result "1-0"]
[WhiteElo "2306"]
[BlackElo "2190"]
[EventDate "2002.09.22"]

1. e4 e6 2. d4 d5 3. Nc3 Nf6 4. Bg5 Bb4 5. exd5 exd5 6. Qf3 Nbd7 7. O-O-O
Be7 8. Bd3 c6 9. Nge2 Nf8 10. h3 Ne6 11. Be3 Qa5 12. Kb1 Bd7 13. g4 h6 14.
Nc1 O-O-O 15. Qg2 Bd6 16. Rhf1 Qc7 17. N1e2 Rde8 18. Bc1 Re7 19. Bf5 Ng5
20. h4 Nge4 21. Nxe4 Nxe4 22. Bxd7+ Rxd7 23. f3 Ng3 24. Nxg3 Bxg3 25. Qh3
Bd6 26. Rde1 Kb8 27. f4 Re7 28. f5 Rhe8 29. Rxe7 Qxe7 30. f6 Qf8 31. fxg7
Qxg7 32. g5 hxg5 33. Qd7 1-0

[Event "ECC"]
[Site "Halkidiki GRE"]
[Date "2002.09.27"]
[Round "6"]
[White "Dilleigh,S"]
[Black "Lindberg,Bo"]
[Result "0-1"]
[WhiteElo "2164"]
[BlackElo "2284"]
[EventDate "2002.09.22"]

1. d4 f5 2. g3 Nf6 3. Bg2 g6 4. Nf3 Bg7 5. O-O O-O 6. c4 d6 7. d5 Na6 8.
Nc3 Nc5 9. Be3 h6 10. Qc1 Kh7 11. b4 Nce4 12. Bd4 c5 13. dxc6 bxc6 14. Nxe4
fxe4 15. Nd2 Bf5 16. Qb2 e5 17. Bc3 Rb8 18. Rad1 Qe7 19. Nb3 Rfe8 20. Na5
Rbc8 21. b5 cxb5 22. cxb5 Qe6 23. Nc6 Rc7 24. Ba5 Rd7 25. Rc1 d5 26. Nb4
Bh3 27. Rc6 Qf5 28. Qc2 Bxg2 29. Kxg2 d4 30. Rc7 d3 31. exd3 exd3 32. Qc6
Ree7 33. Rxd7 Rxd7 34. Qf3 Qe6 35. Qc6 Rd6 36. Qc7 Rd7 37. Qc6 Qg4 38. Qf3
Qc4 39. a4 e4 40. Qd1 Bf8 41. Nc6 Qd5 42. Kg1 Bc5 43. Bd2 h5 44. h3 Rf7 45.
Qc1 Qf5 46. Be3 Bxe3 47. Qxe3 Nd5 48. Qc1 e3 49. fxe3 d2 0-1

[Event "ECC"]
[Site "Halkidiki GRE"]
[Date "2002.09.27"]
[Round "6"]
[White "Rygaard,Mic"]
[Black "Humphreys,J"]
[Result "1-0"]
[WhiteElo "2255"]
[BlackElo "2070"]
[EventDate "2002.09.22"]

1. Nf3 c5 2. e3 Nf6 3. d4 d5 4. Nbd2 cxd4 5. exd4 g6 6. Bd3 Nc6 7. c3 Bg7
8. O-O O-O 9. Re1 Bg4 10. h3 Bxf3 11. Nxf3 Qc7 12. Bg5 h6 13. Bd2 Nd7 14.
Qc1 Kh7 15. Bf4 e5 16. Bh2 Rfe8 17. Bb5 f6 18. dxe5 fxe5 19. Qd2 a6 20. Ba4
Nc5 21. Bc2 Qf7 22. b4 Nd7 23. Bb3 Nb6 24. Qe3 Nc4 25. Bxc4 dxc4 26. Qe4
Rad8 27. Rad1 Qf5 28. Qxc4 Rxd1 29. Rxd1 Rc8 30. Nh4 Qf6 31. Qe4 b5 32. Bg3
Ne7 33. Rd3 Rc4 34. Qb7 Rxh4 35. Bxh4 Qxh4 36. Rd7 Bf8 37. Qxa6 Qc4 38. Qf6
Kg8 39. Rd8 Qf7 40. Qb6 Nd5 41. Qc5 Nf4 42. Qxe5 Kh7 43. Qxb5 Bg7 44. a4 h5
45. a5 Qf6 46. Rd4 g5 47. Qe8 Qa6 48. Qe4+ Kg8 49. Rd8+ Bf8 50. Qf5 Ne6 51.
Qg6+ 1-0

[Event "ECC"]
[Site "Halkidiki GRE"]
[Date "2002.09.27"]
[Round "6"]
[White "Nyysti,S"]
[Black "Ferguson,M"]
[Result "1-0"]
[WhiteElo "2297"]
[BlackElo "2378"]
[EventDate "2002.09.22"]

1. e4 e5 2. Nf3 Nc6 3. Bb5 Nf6 4. O-O Nxe4 5. d4 Nd6 6. Bxc6 dxc6 7. dxe5
Nf5 8. Qxd8+ Kxd8 9. Nc3 Bd7 10. Rd1 Kc8 11. Ng5 Be8 12. b3 b6 13. Bb2 Be7
14. Nge4 h5 15. Rd3 Bd7 16. Ne2 c5 17. c4 Bc6 18. N4c3 Kb7 19. Nd5 Rhe8 20.
Ng3 Nxg3 21. Rxg3 Bf8 22. Rf3 Re7 23. Rd3 Ree8 24. Rf3 Re7 25. Rf5 Rd7 26.
Rd1 Rad8 27. Kf1 g6 28. Rf3 Bh6 29. Bc3 Bg7 30. Rfd3 Re8 31. f4 Rdd8 32.
Kf2 Bh6 33. Kf3 Bd7 34. Nf6 Bc6+ 35. Ke3 Rxd3+ 36. Rxd3 Re6 37. Nd5 Kc8 38.
h3 f6 39. Ke4 h4 40. f5 gxf5+ 41. Kxf5 Bd7 42. exf6 Re3+ 43. Kg6 Rxd3 44.
Kxh6 Be8 45. Be1 Rd4 46. Kg7 Re4 47. Bf2 c6 48. Nc3 Rf4 49. Be3 Rf1 50. Ne4
Kd7 51. Bf2 Ke6 52. Ng5+ Kf5 53. Bxh4 b5 54. g4+ Ke5 55. Bg3+ Kd4 56. Ne6+
1-0

[Event "ECC"]
[Site "Halkidiki GRE"]
[Date "2002.09.27"]
[Round "6"]
[White "Taylor,P"]
[Black "Mertanen,J"]
[Result "1/2-1/2"]
[WhiteElo "2224"]
[BlackElo "2241"]
[EventDate "2002.09.22"]

1. c4 e5 2. g3 Nc6 3. Bg2 Nf6 4. Nc3 Bc5 5. a3 a6 6. e3 O-O 7. Nge2 Re8 8.
O-O d6 9. f4 Ba7 10. h3 Rb8 11. Nd5 Nxd5 12. cxd5 Ne7 13. b4 f5 14. Bb2 Ng6
15. Kh2 Bd7 16. Qb3 Kh8 17. Rae1 Qc8 18. Qc3 Re7 19. fxe5 Nxe5 20. Nd4 Bxd4
21. Qxd4 Bb5 22. Rh1 Bd3 23. Qh4 Qe8 24. Rc1 Qf7 25. Qf4 Rbe8 26. g4 Ng6
27. Qd4 Ne5 28. Qf4 Ng6 29. Qd4 Ne5 1/2-1/2

[Event "ECC"]
[Site "Halkidiki GRE"]
[Date "2002.09.27"]
[Round "6"]
[White "Hokkanen,P"]
[Black "Lauterbach,I"]
[Result "1/2-1/2"]
[WhiteElo "2248"]
[BlackElo "2142"]
[EventDate "2002.09.22"]

1. e4 c5 2. Nf3 e6 3. d4 cxd4 4. Nxd4 a6 5. Bd3 Qc7 6. O-O Nc6 7. Nxc6 dxc6
8. Be3 Nf6 9. f4 e5 10. f5 h5 11. h3 Bd7 12. c4 Qa5 13. Nc3 Bc5 14. Qe2 Qb6
15. Bxc5 Qxc5+ 16. Kh1 h4 17. Qd2 Nh5 18. Ne2 a5 19. b3 b6 20. a3 Qd6 21.
Kh2 Rd8 22. Qe3 c5 23. Rad1 Qh6 24. Qf2 Qg5 25. Bc2 Bc6 26. Rxd8+ Kxd8 27.
b4 axb4 28. axb4 Qe7 29. Ra1 Nf6 30. Nc3 Kc8 31. Nd5 Nxd5 32. cxd5 Bb7 33.
bxc5 Qxc5 34. Qxc5+ bxc5 35. Ra5 Kd7 36. Rxc5 Ra8 37. Rb5 Kc7 38. Rb1 Ra2
39. d6+ Kxd6 40. Rxb7 Rxc2 41. Rxf7 Re2 42. Kg1 Rxe4 43. Kf2 Rf4+ 44. Ke3
Rf1 45. Rxg7 Rxf5 46. Rg4 Rh5 47. Ke4 Ke6 48. Ke3 Kf6 49. Kf3 Rf5+ 50. Ke3
Rh5 51. Ke4 Rh8 52. Kf3 Kf5 53. Rg7 Kf6 54. Rb7 Kf5 55. Rb4 Rh7 56. Rb8 e4+
57. Kf2 Ra7 1/2-1/2

[Event "ECC"]
[Site "Halkidiki GRE"]
[Date "2002.09.27"]
[Round "6"]
[White "Storland,K"]
[Black "O'Cinneide,M"]
[Result "0-1"]
[WhiteElo "2273"]
[BlackElo "2251"]
[EventDate "2002.09.22"]

1. Nf3 Nf6 2. d4 d5 3. c4 dxc4 4. e3 a6 5. Bxc4 e6 6. a4 c5 7. Nc3 Nc6 8.
O-O Be7 9. dxc5 Qxd1 10. Rxd1 Bxc5 11. Ng5 Ke7 12. Nce4 Nxe4 13. Nxe4 Bb4
14. Bd2 Bd7 15. Bc3 Bxc3 16. Nxc3 Rac8 17. Be2 Na5 18. Rab1 Rhd8 19. f4 Nb3
20. Kf2 Bc6 21. Bd3 Rc7 22. Bc2 Bxa4 23. Rxd8 Kxd8 24. Bxh7 Bc6 25. Rd1+
Rd7 26. Rxd7+ Kxd7 27. Bc2 Na5 28. Bd3 b5 29. g4 Nb3 30. h4 b4 31. Ne2 a5
32. Bc2 Nc5 33. Nd4 a4 34. Nxc6 Kxc6 35. h5 a3 36. bxa3 bxa3 37. Bb1 Kd6
38. g5 Ke7 39. Ke2 Na6 40. e4 Nb4 41. f5 e5 42. f6+ gxf6 43. h6 Kf8 44.
gxf6 Kg8 45. Kf3 a2 46. Bxa2 Nxa2 47. Kg4 Nb4 0-1

[Event "ECC"]
[Site "Halkidiki GRE"]
[Date "2002.09.27"]
[Round "6"]
[White "Harestad,H"]
[Black "Hurley,J"]
[Result "1-0"]
[WhiteElo "2186"]
[BlackElo "2095"]
[EventDate "2002.09.22"]

1. d4 d5 2. c4 c6 3. Nf3 Nf6 4. Nc3 dxc4 5. a4 Bf5 6. e3 e6 7. Bxc4 Bb4 8.
O-O Nbd7 9. Qe2 Bg4 10. e4 O-O 11. h3 Bh5 12. Bf4 Qa5 13. Qe3 Rfe8 14. e5
Nd5 15. Nxd5 cxd5 16. Bb5 Qd8 17. Rac1 a6 18. Be2 Nb8 19. g4 Bg6 20. h4 h6
21. h5 Be4 22. g5 Bxf3 23. Bxf3 hxg5 24. Bxg5 Be7 25. Bf4 Nc6 26. Kh2 Qb6
27. Rcd1 Kh8 28. Rg1 Rg8 29. Bg5 Qd8 30. Qf4 f6 31. Bxf6 Bxf6 32. Rg6 Bxe5
33. dxe5 Qf8 34. Qg3 Nxe5 35. Qxe5 Qxf3 36. Rh6+ 1-0